| 000 | 01216nam a2200337 i 4500 | ||
|---|---|---|---|
| 003 | CO-BoRNBP | ||
| 005 | 20250225170540.0 | ||
| 007 | ta | ||
| 008 | 231210s2023 ck a|||br|||| 00||j spa d | ||
| 020 | _a9786287572829 | ||
| 040 |
_aCO-BoRNBP _bspa _erda _cCO-BoRNBP |
||
| 041 | 1 | _aspa | |
| 082 |
_a179.9 R61h _bR61h |
||
| 100 | 1 |
_aRobledo C., Álvaro _d1977- _eautor _958783 |
|
| 245 | 1 | 0 |
_aHola, gratitud/ _cÁlvaro Robledo C. ; ilustraciones Nobara Hayakawa |
| 250 | _aEdición especial | ||
| 264 | 1 |
_aBogotá, Colombia _bPlaneta Junior _c2023 |
|
| 300 |
_a44 páginas sin numerar, _bilustraciones a color, _c21 cm |
||
| 336 |
_atexto _btxt _2rdacontent |
||
| 337 |
_asin mediación _bn _2rdamedia |
||
| 338 |
_avolumen _bnc _2rdacarrier |
||
| 490 | _aPlan Nacional de Lectura, Escritura y Oralidad / Ministerio de Cultura | ||
| 521 | 1 | _aRecomendado para un público infantil a partir de los 6 años | |
| 650 | 1 | 7 |
_2ARMARC _aGratitud _vMeditaciones _958784 |
| 650 | 1 | 7 |
_aValores _2ARMARC _95489 |
| 650 | 1 | 7 |
_aVirtudes _2ARMARC _958785 |
| 650 | 1 | 7 |
_2ARMARC _aEmociones _xMeditaciones _958786 |
| 650 | 1 | 7 |
_aMindfulness (Psicología) _2ARMARC _958787 |
| 700 | 1 |
_aHayakawa, Nobara _dilustradora _958788 |
|
| 942 |
_2loc _cBK |
||
| 999 |
_c56965 _d56965 |
||